| 000 | 00582nas a2200241 4500 | ||
|---|---|---|---|
| 001 | 2860 | ||
| 003 | ES-MaACL | ||
| 005 | 20250718150803.0 | ||
| 007 | t| | ||
| 008 | 020116c19471975le d| n | ||ra d | ||
| 080 | _a(569.3) | ||
| 080 | _a07 | ||
| 245 | 0 | 0 | _aAl-Hayat. |
| 260 |
_aBeyrouth : _b[s.n.], _c[1947?]- |
||
| 300 |
_a1 v. ; _c58 cm. |
||
| 310 | _aPeriodicidad diaria | ||
| 362 | 1 | _a[1947?]- | |
| 650 | 1 | 4 |
_aPeriódicos _915941 |
| 852 | 4 |
_a BA _jGF-46 |
|
| 866 | 0 |
_o(1975). _z- Se interrumpe su recepción. |
|
| 942 |
_2udc _cPERIODICO |
||
| 999 |
_c2860 _d2860 |
||